Giáo trình trồng rau Dùng để giảng dạy trong các trường Đại học Nông Nghiệp

Wedi'i Gadw mewn:
Manylion Llyfryddiaeth
Prif Awdur: Tạ Thị Thu Cúc ...[et al.]
Fformat: Llyfr
Iaith:Undetermined
Cyhoeddwyd: Hà Nội Giải Phóng 1979
Pynciau:
Tagiau: Ychwanegu Tag
Dim Tagiau, Byddwch y cyntaf i dagio'r cofnod hwn!
Thư viện lưu trữ: Trung tâm Học liệu Trường Đại học Cần Thơ
LEADER 00578nam a2200181Ia 4500
001 CTU_13329
008 210402s9999 xx 000 0 und d
082 |a 635 
082 |b Gi108 
100 |a Tạ Thị Thu Cúc ...[et al.] 
245 0 |a Giáo trình trồng rau 
245 0 |b Dùng để giảng dạy trong các trường Đại học Nông Nghiệp 
245 0 |c Tạ Thị Thu Cúc ...[et al.] 
260 |a Hà Nội 
260 |b Giải Phóng 
260 |c 1979 
650 |a vegetables 
980 |a Trung tâm Học liệu Trường Đại học Cần Thơ